[Event "FRA-chT4 0506"]
[Site "Bretagne"]
[Date "2005.10.16"]
[Round "1"]
[White "Hamon, Yann"]
[Black "Labbe, Yannick"]
[Result "1/2-1/2"]
[WhiteElo "1790"]
[BlackElo "1860"]
[PlyCount "117"]
[EventDate "2005.10.16"]
[EventType "team"]
[EventRounds "7"]
[EventCountry "FRA"]
[SourceTitle "EXT 2007"]
[Source "ChessBase"]
[SourceDate "2006.11.23"]
[SourceVersion "1"]
[SourceVersionDate "2006.11.23"]
[SourceQuality "1"]

1. d4 g6 2. Nf3 Bg7 3. c4 c5 4. d5 b5 5. e4 bxc4 6. Bxc4 d6 7. 0-0 Nd7 8. Qc2 Ngf6 9. Nc3 0-0 10. Rb1 Nb6 11. Be2 a5 12. Bg5 h6 13. Bd2 Bg4 14. h3 Bxf3 15. Bxf3 Nfd7 16. Be2 Ne5 17. Qc1 g5 18. f4 gxf4 19. Bxf4 Kh7 20. Rf2 Nbd7 21. Qf1 Ng6 22. Be3 Nde5 23. Kh1 Rb8 24. Bd2 e6 25. Qe1 Qh4 26. Rf1 Qxe1 27. Rfxe1 c4 28. Rec1 Nd3 29. Bxd3 cxd3 30. Na4 exd5 31. exd5 Ne7 32. Nc3 Nf5 33. Re1 Rfe8 34. Kg1 Bd4+ 35. Kh2 Be5+ 36. Kg1 Bg3 37. Rf1 Kg6 38. Rf3 Re5 39. Rxd3 Rbe8 40. a3 Bh4 41. b4 axb4 42. axb4 Ne3 43. Bxe3 Rxe3 44. Rxe3 Rxe3 45. Nb5 Re1+ 46. Rxe1 Bxe1 47. Nxd6 Bxb4 48. Nb7 Kf6 49. Kf2 Ke7 50. Kf3 Kd7 51. Kf4 Kc7 52. Kf5 Kxb7 53. Kf6 Kc7 54. Kxf7 Kd6 55. Kg6 Bd2 56. g4 Kxd5 57. h4 Ke6 58. g5 hxg5 59. hxg5 1/2-1/2

[Event "FRA-chT4 0405"]
[Site "Bretagne"]
[Date "2005.02.06"]
[Round "5"]
[White "Cougoulic, Guillaume"]
[Black "Labbe, Yannick"]
[Result "1-0"]
[WhiteElo "1810"]
[BlackElo "1840"]
[PlyCount "61"]
[EventDate "2004.04.03"]
[EventType "team"]
[EventRounds "7"]
[EventCountry "FRA"]
[SourceTitle "EXT 2007"]
[Source "ChessBase"]
[SourceDate "2006.11.23"]
[SourceVersion "1"]
[SourceVersionDate "2006.11.23"]
[SourceQuality "1"]

1. e4 g6 2. d4 Bg7 3. Nc3 c5 4. Be3 Qa5 5. Bc4 Nc6 6. Nf3 cxd4 7. Nxd4 Nf6 8. f3 0-0 9. Qd2 a6 10. 0-0-0 d6 11. g4 Nxd4 12. Bxd4 Be6 13. Bxe6 fxe6 14. h4 Rac8 15. h5 Rc4 16. hxg6 hxg6 17. Qh2 Kf7 18. e5 dxe5 19. Bxe5 Rh8 20. Qe2 Rxc3 21. Bxc3 Qxa2 22. Rxh8 Bxh8 23. g5 Nd5 24. Bxh8 Qa1+ 25. Kd2 Qa5+ 26. c3 Nf4 27. Qe5 Nd5 28. Qg7+ Ke8 29. Qxg6+ Kd7 30. Re1 Nf4 31. Qe4 1-0

[Event "FRA-chT3 0405"]
[Site "France"]
[Date "2004.11.07"]
[Round "2"]
[White "Labbe, Yannick"]
[Black "Hubert, Lucas"]
[Result "0-1"]
[WhiteElo "1920"]
[BlackElo "1750"]
[PlyCount "41"]
[EventDate "2004.10.10"]
[EventType "team"]
[EventRounds "9"]
[EventCountry "FRA"]
[SourceTitle "EXT 2007"]
[Source "ChessBase"]
[SourceDate "2006.11.23"]
[SourceVersion "1"]
[SourceVersionDate "2006.11.23"]
[SourceQuality "1"]

1. e4 d6 2. d4 Nf6 3. Nc3 c6 4. h3 Nbd7 5. Nf3 e5 6. Be2 Be7 7. 0-0 0-0 8. Re1 Re8 9. Bf1 a6 10. a4 Bf8 11. a5 b5 12. axb6 Qxb6 13. dxe5 dxe5 14. Bc4 Nc5 15. Qe2 h6 16. b3 a5 17. Be3 Qb4 18. Bd2 Qb6 19. Na4 Nxa4 20. Rxa4 Bb7 21. Rea1 0-1

[Event "FRA-chT4 0304"]
[Site "Bretagne"]
[Date "2003.12.07"]
[Round "3"]
[White "Lemonnier, Yohan"]
[Black "Labbe, Yannick"]
[Result "1/2-1/2"]
[WhiteElo "1750"]
[BlackElo "1790"]
[PlyCount "63"]
[EventDate "2003.10.12"]
[EventType "team"]
[EventRounds "9"]
[EventCountry "FRA"]
[SourceTitle "EXT 2005"]
[Source "ChessBase"]
[SourceDate "2004.11.15"]
[SourceVersion "1"]
[SourceVersionDate "2004.11.15"]
[SourceQuality "1"]

1. e4 g6 2. d4 d6 3. Nc3 Bg7 4. Be3 c6 5. f4 b5 6. Nf3 Nf6 7. h3 b4 8. e5 bxc3 9. exf6 Bxf6 10. bxc3 Nd7 11. Be2 0-0 12. 0-0 Nb6 13. c4 Ba6 14. Nd2 e5 15. fxe5 dxe5 16. Bh6 Qxd4+ 17. Kh1 Bg7 18. Bxg7 Kxg7 19. Qe1 f5 20. Nb3 Qd8 21. Qa5 Bxc4 22. Qxe5+ Qf6 23. Qxf6+ Rxf6 24. Bxc4 Nxc4 25. Rf4 Ne3 26. c3 Nd5 27. Rc4 Re8 28. Nd4 Re4 29. Rc1 Ne7 30. Rb1 Nd5 31. Rb3 Nb6 32. Rc5 1/2-1/2